01183cam a22004334i 4500003000900000005001700009008004100026035001900067040003300086082001900119100002600138245002600164264004100190336002100231337002500252338002300277505026100300526001000561526001000571526001000581526001000591526001000601526000900611526000900620526000900629526000900638526000900647526000900656526000900665526000900674526000900683526000900692526000800701526000800709526000800717526000800725526000800733526000800741PE-LiUPU20250731170435.0150625s r 000 0 d a(Sirsi) a31182 aPE-LiUPUbspacPE-LiUPUerda04a146.5bL232211 aLang, Daniel,eautor.13aEl hombre y el atomo. 1aMéxico :bIntercontinental,c1958. atext2rdacontent aunmediated2rdamedia avolume2rdacarrier0 aAnhelo de aventuras, algo hay en el firmamento, Bombas a lo lejos, Juegos de cartas y resplandores, el hombre del traje de plomo, lo que vendrá, una casa-¡Ah! con jardín, Camellas y bombas, adiós a los cordeles y al lacre, un diácono en Oak Ridge. aSEG68 aSEG70 aSEG69 aSEG67 aSEG43 aP144 aP143 aP131 aP122 aP120 aP117 aP112 aP110 aP106 aP101 aP80 aP59 aP54 aP35 aP33 aP30